Score 0/14 Timer 05:00
0 Plays Today
Hint Answer % Correct
3 x OOuagadougou
77.4%
3 x UOuagadougou
77.4%
3 x NAntananarivo
74.5%
3 x LAndorra la Vella
64.2%
3 x LLibreville
60.4%
3 x UKuala Lumpur
58.5%
3 x OYamoussoukro
57.5%
Hint Answer % Correct
3 x UBujumbura
55.7%
3 x ITbilisi
50%
3 x OSanto Domingo
50%
3 x SBrussels
48.1%
3 x EMelekeok
44.3%
3 x RSri Jayawardenapura-Kotte
40.6%
3 x EBasseterre
35.8%

You're not logged in!

Compare scores with friends on all Sporcle quizzes.
OR
Log In

Sporcle TV

Today on Sporcle TV


Watch our educational content, quiz creation guides, and fun videos on Sporcle TV.

Show Comments

Extras

Top Quizzes Today


Score Distribution

Paid Content

Your Account Isn't Verified!

In order to create a playlist on Sporcle, you need to verify the email address you used during registration. Go to your Sporcle Settings to finish the process.

Report this User

Report this user for behavior that violates our Community Guidelines.

Details: